Phonétique - Pays - Statistiques

Statistiques générales
  • Ce quiz a été pris 94 fois
  • Le résultat moyen est 14 sur 15
Statistiques - réponses
Phonétique Pays % Correct
meksik Mexique
100%
hɔ̃ɡʁi Hongrie
95%
almɑɲ Allemagne
94%
ʃili Chili
93%
ʃin Chine
93%
eʒipt Egypte
93%
filipin Philippines
93%
sɥɛd Suède
93%
jɛmɛn Yemen
93%
uʁuɡwaj Uruguay
92%
ʁysi Russie
91%
otʁiʃ Autriche
88%
seʃɛl Seychelles
85%
nauʁu Nauru
80%
ɑ̃dɔʁ Andorre
74%
Aucun quiz correspondant
Distribution des résultats
% des personnes avec chaque résultat
Percentile par nombre de réponses
Votre historique - résultats
Vous n’avez pas pris ce quiz